[Event "London BBC TV"]
[Site "London"]
[Date "1977.??.??"]
[Round "3"]
[White "Miles, Anthony John"]
[Black "Karpov, Anatoly"]
[Result "1/2-1/2"]
[WhiteElo "2555"]
[BlackElo "2690"]
[Annotator "Bulletin"]
[PlyCount "88"]
[EventDate "1977.??.??"]
[EventType "k.o."]
[EventRounds "3"]
[EventCountry "ENG"]
[SourceTitle "EXT 1999"]
[Source "ChessBase"]
[SourceDate "1998.11.16"]
[SourceVersion "1"]
[SourceVersionDate "1998.11.16"]
[SourceQuality "1"]

1. c4 Nf6 2. Nc3 e6 3. e4 c5 (3... d5 4. e5 d4 5. exf6 dxc3 6. bxc3 Qxf6 7. d4
c5 8. Nf3 cxd4 $13) 4. e5 Ng8 5. Nf3 Nc6 6. d4 cxd4 7. Nxd4 Nxe5 8. Ndb5 f6 9.
Be3 a6 (9... b6 $6 10. f4 Nc6 11. f5 g6 12. fxe6 dxe6 13. Qxd8+ Kxd8 14. O-O-O+
Ke7 15. g4 $1 $16 {Miles-Flesch, Biel 1977}) 10. Nd6+ Bxd6 11. Qxd6 Ne7 12. Bb6
Nf5 13. Bxd8 Nxd6 14. Bc7 Ke7 15. c5 Ne8 16. Bb6 d5 17. cxd6+ Nxd6 18. O-O-O (
18. Bc5 {(Miles-L.Bronstein, Sao Paulo 1977)} b6 $1) 18... Bd7 (18... Nec4 $5)
(18... Nef7 $5) 19. Bc5 Nef7 20. Ne4 Rac8 21. Kb1 Rc6 22. Be2 e5 23. Ba3 Bf5
24. Bd3 Rd8 25. Nxd6 Bxd3+ 26. Rxd3 Nxd6 27. Rhd1 Ke6 28. f3 g5 29. g4 Rd7 30.
Rd5 b6 31. Bb4 a5 32. Ba3 Rd8 33. R1d3 Rd7 34. b3 Rd8 35. Ka1 Rd7 36. Rd1 Rd8
37. R1d3 Rd7 38. Kb1 Rd8 39. b4 axb4 40. Bxb4 Rd7 41. a3 Rd8 42. Ka2 Rd7 43.
Kb3 Rd8 44. Rd1 Rd7 1/2-1/2

[Event "World Cup"]
[Site "Belfort"]
[Date "1988.06.??"]
[Round "15"]
[White "Kasparov, Garry"]
[Black "Sokolov, Andrei"]
[Result "1-0"]
[WhiteElo "2750"]
[BlackElo "2595"]
[Annotator "ChessBase"]
[PlyCount "83"]
[EventDate "1988.06.??"]
[EventType "tourn"]
[EventRounds "15"]
[EventCountry "FRA"]
[EventCategory "15"]
[SourceTitle "CBM 008"]
[Source "ChessBase"]
[SourceDate "1989.02.01"]
[SourceVersion "1"]
[SourceVersionDate "1989.02.01"]
[SourceQuality "1"]

1. c4 Nf6 2. Nc3 e6 3. e4 c5 4. e5 Ng8 5. Nf3 Nc6 6. d4 cxd4 7. Nxd4 Nxe5 8.
Ndb5 a6 9. Nd6+ Bxd6 10. Qxd6 f6 11. Be3 Ne7 12. Bb6 Nf5 13. Qc5 d6 14. Qa5 Qe7
15. O-O-O O-O 16. f4 Nc6 (16... Nf7 17. Bd3 $40 {()[+]}) 17. Qa3 {ChessBase: '/
\g4 ><d6'} e5 18. g4 {'!' ChessBase.} (18. c5 $6 Qf7 19. cxd6 Nfd4 20. Bd3 Be6
21. fxe5 Nb5 $1 22. Qc5 Nxc3 23. Qxc3 Nxe5 24. Be4 (24. Be2 $5 Rac8 25. Bc7
Bxa2 $13) 24... Nc4 25. Bc7 Nxd6 $1 26. Bxd6 Rac8 27. Bxf8 Rxc3+ 28. bxc3 Qxf8
29. Bd5 $1 $10 {Hernandez,R-Rodriguez,A,La Habana 1980}) 18... Nfd4 (18... Nh6
19. Nd5 Qd7 (19... Qf7 20. h3 exf4 21. Nxf4 Ne5 22. b3 $16) 20. h3 exf4 21.
Nxf4 Nf7 22. Bg2 $14) 19. Nd5 Qf7 20. f5 {'+/-!' ChessBase.} g6 21. Rg1 {
'!' ChessBase.} gxf5 22. g5 Kh8 (22... fxg5 23. Rxg5+ Kh8 24. Qxd6 {/\ 25.Rd4!
exd4 26.Bd4! Nxd4 27.Qe5+-}) 23. gxf6 Be6 24. Qxd6 Bxd5 25. cxd5 Qxf6 26. Qxf6+
Rxf6 27. Kb1 {'!' ChessBase.} Nd8 (27... Nb4 $142 28. Bxd4 exd4 29. Rxd4 a5 $5
$14 {_|_}) 28. Bc5 {ChessBase: '/\Rd4'} Rc8 29. Be7 Rf7 30. Bd6 Nf3 {'[]'
ChessBase.} 31. Rg3 e4 32. Be2 Rf6 33. Bf4 Rg6 34. Bxf3 Rxg3 {'?' ChessBase.} (
34... exf3 35. Rxf3 $16) 35. Bxe4 {'!' ChessBase.} fxe4 {'[]' ChessBase.} 36.
hxg3 {'+-' ChessBase. ChessBase: '><e4,d8'} Kg7 37. Rd4 Nf7 38. Rxe4 Rd8 39.
Re7 Rxd5 40. Rxb7 h5 41. Ra7 a5 42. a4 1-0

[Event "Interpolis-01"]
[Site "Tilburg"]
[Date "1977.10.02"]
[Round "8"]
[White "Miles, Anthony John"]
[Black "Huebner, Robert"]
[Result "1/2-1/2"]
[WhiteElo "2555"]
[BlackElo "2600"]
[Annotator "Ftacnik,L"]
[PlyCount "49"]
[EventDate "1977.09.23"]
[EventType "tourn"]
[EventRounds "11"]
[EventCountry "NED"]
[EventCategory "14"]
[SourceTitle "MCL"]
[Source "ChessBase"]
[SourceDate "1999.07.01"]
[SourceVersion "1"]
[SourceVersionDate "1999.07.01"]
[SourceQuality "1"]

1. c4 Nf6 2. Nc3 e6 3. e4 c5 4. e5 Ng8 5. Nf3 Nc6 6. d4 cxd4 7. Nxd4 Nxe5 8.
Ndb5 a6 9. Nd6+ Bxd6 10. Qxd6 f6 11. Be3 Ne7 12. Bb6 Nf5 13. Bxd8 (13. Qc5 Qe7
14. Qxe7+ (14. Qa5 h5 $2 (14... Nc6 15. Qa4 Qd6 (15... O-O 16. O-O-O d6 17. g4
(17. Ne4 $5) 17... Nh6 18. h3 f5 19. Qa3 fxg4 20. hxg4 Nxg4 21. Ne4 $14 {
Petursson}) 16. c5 Qe5+ 17. Qe4 d5 (17... Qxe4+ 18. Nxe4 Nb4 19. O-O-O Nxa2+
20. Kb1 Nb4 21. g4) 18. cxd6 Nxd6 19. Qxe5 Nxe5 20. O-O-O Ndf7 21. f4 Nd7 22.
Bf2 b5 23. Bd3 (23. a4 $1 bxa4 (23... b4 24. Na2 a5 25. Bb5 $14) 24. Bc4 $14)
23... Bb7 24. Rhe1 Nd8 25. Bf5 Nf8 26. Bxe6 $2 (26. Ne4 $1 Bxe4 27. Bxe4 Rc8+
28. Kb1 Ke7 29. Rc1 $1 $16) 26... Ndxe6 27. f5 Rc8 28. Kb1 Bxg2 29. fxe6 Rc6
30. e7 Ne6 $2 (30... Nd7 $1) 31. Rxe6 Rxe6 32. Rd8+ Kxe7 33. Rxh8 $16 {Serper,
G-Luther,T/Arnhem/1989/}) 15. O-O-O Kf7 16. c5 $1 Nc6 17. Qa3 Qe8 18. Ne4 $16 {
Miles,A-Gruenfeld,Y/Philadelphia/1989/}) 14... Kxe7 (14... Nxe7 15. f4 N5c6 16.
O-O-O d5 17. a3 $1 $14 Bd7 18. cxd5 (18. g3 $5 $146) 18... Nxd5 19. Nxd5 exd5
20. Rxd5 Be6 21. Rd6 Ke7 22. Bc5 Kf7 23. f5 $1 Bxf5 24. Bc4+ Kg6 25. g4 $1 Bxg4
26. Rg1 Ne5 (26... Kh5 $2 27. h3 $1 $18) 27. h3 Rac8 28. b4 Kh6 29. Rxg4 Nxg4
30. hxg4 Rhd8 31. Rb6 $1 Rc7 $14 {Karpov,An-Ribli,Z/Reggio Emilia/1989-90/})
15. f4 Ng6 16. g3 d6 17. Bd3 Nh6 (17... Bd7 18. O-O-O Rac8 19. Rhe1 Kf7 20.
Bxf5 exf5 21. Rxd6 $14 {Thorsteins,K-Luther,T/Borsodtavho/1991/}) 18. O-O Bd7
19. Rfe1 Rac8 20. a4 Kf7 21. Rad1 Ne7 22. a5 Bc6 23. Bb1 d5 24. cxd5 Nxd5 25.
Ba2 Nxc3 (25... Rhe8 26. Ne4 $1 $18) 26. Bxe6+ Kg6 27. bxc3 Rce8 28. Kf2 f5 29.
h3 Rhf8 30. Rd6 Kh5 31. Bd4 Nf7 32. Rxc6 $1 Nd8 33. Rd6 $18) 13... Nxd6 14. Bc7
Ke7 15. c5 Ne8 16. Bb6 d5 17. cxd6+ Nxd6 $1 18. O-O-O Nec4 19. Bxc4 (19. Bc5 b6
$1 20. Bxc4 bxc5) 19... Nxc4 20. Bc5+ Kf7 21. Rd4 b5 22. b3 e5 (22... Na5 23.
Rhd1 e5 24. Rd6 $44) 23. Rd5 Na5 24. Bb6 Nb7 (24... Nc6 25. Rd6 Ne7 26. Rhd1
Bb7 27. g3 $13) 25. Rhd1 $17 (25. Rhd1 Re8 26. Rd7+ $140 Bxd7 27. Rxd7+ Re7)
1/2-1/2

[Event "ISR-chT"]
[Site "Israel"]
[Date "2002.02.02"]
[Round "4"]
[White "Golod, Vitali"]
[Black "Zak, Uriel"]
[Result "1-0"]
[WhiteElo "2516"]
[BlackElo "2353"]
[Annotator "Golod,V"]
[PlyCount "65"]
[EventDate "2002.01.10"]
[EventType "team"]
[EventRounds "11"]
[EventCountry "ISR"]
[SourceTitle "CBM 088"]
[Source "ChessBase"]
[SourceDate "2002.03.21"]
[SourceVersion "1"]
[SourceVersionDate "2002.03.21"]
[SourceQuality "1"]

1. e4 {Before a game I have decided,that so it will be easier to cause the
contender in open positions.} c5 2. Nf3 a6 $5 {This rare variant I played in
childhood.} 3. c4 {This move I have made after fourteen minutes meditation.
Also I know, that White receive a advantage,after 3.c3.} e6 4. Nc3 Nf6 $6 {
This dubious move,on my sight,Uriel Zak has made instantly.} ({It deserves
attention:} 4... Qc7 {See comments to Leko,P-Zapata,A/Yopal,1997/CBM 60(1-0)
(Rodriguez,Am)(83)}) ({and} 4... Nc6) 5. e5 Ng8 6. d4 cxd4 7. Nxd4 $5 {It
seems that it looks more logically,than:} (7. Qxd4 Nc6 8. Qe4 d6 (8... f5 $5)
9. Bf4 dxe5 10. Nxe5 Nf6 11. Nxc6 Nxe4 12. Nxd8 Nxc3 13. Nxf7 Kxf7 14. bxc3 Bd7
15. Rd1 Ba4 $44 {Hort,V-Kinnmark,O/Gothenburg,1971(1-0) (52)}) 7... d6 8. exd6
Bxd6 9. Be2 $5 $14 ({Were checked in the preceding games:} 9. a3 $6) (9. Qg4 $6
) (9. Qa4+ $6) (9. g3 $5 {See comments to Azmaiparashvili,Z-Georgiev,K/Las
Palmas,1993/CBM 36(1/2-1/2)(Ribli,Z)(59)}) ({and} 9. Be3 $5 {You can see
comments to Genba,V-Kiriakov,P/St.Petersburg,1994/CBM 41(1-0)(Ribli,Z)(40)})
9... Ne7 $146 ({Black did not want to play:} 9... Nf6 $5 {because of:} 10. Bg5
$6 {(I,certainly,was not going to do this move,and would answer 10.Be3 ())} (
10. O-O O-O 11. Bg5 (11. Be3 $5) 11... Be7 12. Bf4 {[%csl Yf4]} Qa5 13. Qc2 e5
14. Nf5 Bxf5 15. Qxf5 Nc6 16. Be3 Bc5 17. Bg5 Nd4 18. Qd3 e4 19. Qd1 Nxe2+ 20.
Qxe2 Bxf2+ 21. Rxf2 Qxg5 22. Nxe4 Nxe4 23. Qxe4 $11 {Gulko,B-Chernin,A/New
Delhi,2000(1/2-1/2)(65)})) 10. O-O ({Now after:} 10. Be3 {it is necessary to
consider:} e5 {/\Nf5}) 10... Nbc6 11. Nxc6 Nxc6 12. Be3 O-O ({Pretty dubiously:
} 12... Be5 {because of:} 13. Qxd8+ Kxd8 14. Rfd1+ Kc7 15. Rac1 $14 {[%csl Rc7]
}) 13. f4 $5 {[%csl Yf4][%cal Gc3e4,Yf4e5][%mdl 32] I take under the control a
point "e5" and I prepare Ne4,which was impossible at once:} (13. Ne4 $2 Bxh2+
14. Kxh2 Qh4+ 15. Kg1 Qxe4 $15) 13... f5 $5 {[%csl Yf5][%cal Yf5e4] As it is
not strange, but can this correct decision.} 14. a3 $5 {My plan is:b4,c5,Qb3,
Bc4(><e6),Rad1<->d and so on.} (14. c5 $5 Be7 15. Qxd8 Rxd8 16. Rad1 Bd7 17.
Bc4 (17. Rd2 $143 Be8 18. Rfd1 Rxd2 19. Rxd2 Rd8 {+/=/=}) 17... Kf7 $14) 14...
Qe7 15. b4 Rd8 {[%csl Rd1,Gd8]} 16. Qb3 {My queen is sent on the idealest
place.} Bc7 17. Rad1 Bd7 18. c5 {()} ({As has shown the analysis,it was much
better:} 18. b5 $1 axb5 $140 (18... Na5 $6 19. Qb4 $16) 19. cxb5 $1 (19. Nxb5
$5 Ba5 20. c5 {+/=/+/-}) 19... Rxa3 (19... Na5 $143 20. Qb4 $16) 20. Qc4 Qb4 $8
(20... Ba5 $4 {[%csl Rc3]} 21. Bc5 $1 {( I did not see this intermediate move)}
Rxc3 22. Bxe7 $18) 21. Rxd7 $1 (21. bxc6 $2 Qxc4 $1 (21... Qxc3 $2 22. Bc1 Bb6+
23. Kh1 Qxc4 24. Bxc4 Rc3 25. Rxd7 Rxc4 26. cxb7 $16) 22. Bxc4 Rxc3 23. Rxd7
Rxd7 24. Bxe6+ (24. cxd7 $2 Rxc4 25. Rd1 Bd8 26. Rb1 Kf7 27. Rxb7 Ke7 $15 {
[%csl Rd7][%cal Gc4c7]}) 24... Rf7 25. Ra1 {[%csl Rg8][%cal Ga1a8]} Kf8 $11)
21... Rxd7 (21... Qxc4 $2 22. Bxc4 Rxd7 23. Bxe6+ Rf7 24. Nd5 $1 $18) (21...
Qxc3 $4 22. Qxe6+ Kh8 23. Rxd8+ Nxd8 24. Qe8#) 22. Qxe6+ Rf7 23. Bc4 $16 {
[%csl Rf7]}) 18... Be8 19. a4 {[%cal Gb4b5]} Bf7 20. b5 e5 ({Also nor decides
of all problems:} 20... axb5 21. axb5 $140 e5 {because of:} 22. Bc4 Nd4 23.
Bxf7+ Qxf7 24. Qxf7+ Kxf7 25. b6 Bb8 26. Nb5 {[%csl Rd8]} Ne2+ 27. Kf2 Rxd1 28.
Rxd1 Ra2 {[%csl Rf2]} 29. Kf1 $1 exf4 $140 30. Bf2 $16 {[%csl Rb7,Re2]}) 21.
Bc4 Nd4 (21... exf4 $143 22. bxc6 $1 (22. Bxf7+ $6 Qxf7 23. Qxf7+ Kxf7 24. bxc6
fxe3 25. cxb7 Rab8 $14) 22... fxe3 $140 (22... Qxe3+ $2 23. Kh1 $18) 23. cxb7 (
23. Bxf7+ $6 Qxf7 24. Qxf7+ Kxf7 25. cxb7 Rab8 26. Rxf5+ Ke6 27. Rxd8 (27. Rfd5
$143 Rxd5 28. Nxd5 Rxb7 29. c6 e2 30. Re1 Bb6+ 31. Nxb6 (31. Kh1 $4 Rf7 {
[%csl Rd5,Rh1][%cal Gf7f1]} 32. Rxe2+ Kxd5 $19) 31... Rxb6 32. Rxe2+ Kd6 $11)
27... Rxd8 28. Rf1 Rd3 $44) 23... Rab8 24. Rxd8+ Rxd8 25. Rxf5 Bxc4 26. Qxc4+
Kh8 27. Qf7 $16) 22. Bxf7+ Qxf7 23. Qxf7+ Kxf7 24. b6 $1 {[%mdl 32] Beforehand,
my contender did not see this move.} Bb8 $8 25. Bxd4 $6 ({It was necessary to
play more reliably:} 25. Kf2 Nc6 26. Rxd8 Nxd8 27. Rd1 Ke8 28. g3 $16 {[%csl
Ra8,Rb8,Yf4,Yg3,Yh2]}) 25... Rxd4 (25... exd4 $6 26. Ne2 {[%csl Rd4]} d3 27.
Nc1 d2 28. Nb3 Rd3 29. Nxd2 $16) 26. Rxd4 exd4 27. Ne2 d3 ({After:} 27... Ke6
$5 28. Nxd4+ $140 Kd5 {[%csl Rc5,Rd4] I have a strong protective move:} 29. Nb3
$1 {[%csl Yb3,Rb7][%cal Yb3c5,Gb3a5,Ga5b7]} (29. Nxf5 $143 g6 $1 (29... Kxc5
30. Nxg7 Kxb6 31. Ne6 Bd6 $14 {[%csl Gd6]}) 30. Nd6 $1 Kxc5 (30... Bxd6 $6 31.
cxd6 Kxd6 32. Rc1 {[%csl Rb7][%cal Gc1c7]}) 31. Nxb7+ Kc6 $5 $44 {[%csl Ra4]})
29... a5 (29... Kc4 $2 30. c6 $1 (30. Rf3 $2 a5 $13 {[%csl Ra4][%cal Gc4b4]})
30... bxc6 31. b7 Ra7 32. Na5+ Kc5 33. Rb1 $18) 30. g3 Kc4 31. Rb1 $16 g5 $140
32. fxg5 Be5 33. c6 bxc6 34. b7 {[%csl Ra5,Gb3,Gb7]}) 28. Nd4 ({Weakly:} 28.
Nc1 $2 {in view of:} Bxf4 29. Rxf4 d2 {[%csl Gd2][%cal Gd2d1,Gd2c1]} 30. Rxf5+
Ke6 31. Rf1 dxc1=Q 32. Rxc1 Kd5 $14 {[%csl Rc5]}) (28. Nc3 $2 Ke6 29. g3 Kd7
30. Rd1 Kc6 {[%csl Rc5]}) 28... Bxf4 $4 {[%mdl 8192] This move is connected to
the elementary tactical miscalculation.After this mistake I have a forced way
to win.} (28... d2 $8 29. g3 (29. Nxf5 $143 Bxf4 30. g3 Be5 $132 (30... Rd8 $2
31. Ne3 $18 {[%csl Rf4]})) 29... g5 30. Nxf5 $1 (30. c6 $2 Bd6 (30... bxc6 $4
31. b7 $1 Ra7 32. Nxc6 Rxb7 33. Nd8+ {[%csl Rb7,Rf7]}) 31. cxb7 Re8 32. Nxf5
Re1 $1 (32... Bc5+ $2 33. Kg2 gxf4 34. gxf4 Rb8 35. Rd1 Rxb7 36. Rxd2 Rxb6 {
+/=/+/-}) 33. Nxd6+ Ke6 34. b8=Q (34. f5+ $143 Kd5 35. b8=Q Rxf1+ 36. Kxf1
d1=Q+ $11) 34... Rxf1+ 35. Kxf1 d1=Q+ 36. Kf2 Qd2+ 37. Kf3 Qd1+ 38. Ke3 Qe1+
39. Kd3 Qd1+ 40. Kc3 Qc1+ 41. Kd4 Qd2+ 42. Kc5 Qd5+ 43. Kb4 Qd2+ $11) 30...
gxf4 31. gxf4 Bxf4 (31... d1=Q $143 32. Rxd1 Bxf4 33. Rf1 $16) 32. Ne3 $1 Rg8+
$8 (32... Re8 $4 33. Rxf4+ Kg6 34. Nd1 Re1+ 35. Rf1) 33. Kh1 Re8 34. Rxf4+ Kg6
35. Rd4 Rxe3 36. Rxd2 Rc3 37. Rd6+ $1 $16 {[%csl Rb7,Rh7]}) 29. Rxf4 d2 (29...
Rd8 $143 30. Nxf5 {[%csl Yf4][%cal Gf5d6]}) 30. Rf1 Rd8 31. Nxf5 $1 ({There is
less beautiful way to winning:} 31. c6 Rxd4 (31... bxc6 $2 32. b7 (32. Nxc6 $5
d1=Q 33. Rxd1 Rxd1+ 34. Kf2 {[%csl Gb6]} Rb1 35. b7 $18) 32... c5 33. Nxf5 $18
{[%csl Rf5]} d1=Q 34. Nd6+ {[%csl Gd6,Gf1,Rf7][%cal Gf1d1,Gf1f7]}) 32. cxb7 Rd8
(32... d1=Q $143 33. b8=Q {[%csl Gb6,Rf7] +/-/+-}) 33. Rd1 {[%csl Gb7,Rd2]
[%cal Gd1d2]}) 31... Rd3 (31... d1=Q 32. Nd6+ {[%csl Rd1,Rf7][%cal Gd6f7,Gf1f7,
Gf1d1]}) 32. Nd6+ Ke6 33. Rd1 {[%csl Rb7]} 1-0

[Event "Aarhus GM"]
[Site "Aarhus"]
[Date "2003.07.29"]
[Round "3"]
[White "Rasmussen, Karsten"]
[Black "Palo, Davor"]
[Result "0-1"]
[WhiteElo "2437"]
[BlackElo "2510"]
[Annotator "Hecht,H"]
[PlyCount "94"]
[EventDate "2003.07.27"]
[EventType "tourn"]
[EventRounds "9"]
[EventCountry "DEN"]
[EventCategory "9"]
[SourceTitle "CBM 097"]
[Source "ChessBase"]
[SourceDate "2003.11.11"]
[SourceVersion "1"]
[SourceVersionDate "2003.11.11"]
[SourceQuality "1"]

1. c4 Nf6 2. Nc3 e6 3. e4 c5 4. e5 Ng8 5. Nf3 d6 6. exd6 Nc6 7. d4 cxd4 8. Nxd4
Nxd4 9. Qxd4 Qxd6 10. Be3 Qxd4 11. Bxd4 Bd7 12. Bd3 Ne7 13. O-O-O Nc6 14. Be3
Ne5 15. Be2 Bb4 16. Bd4 f6 17. a3 Bd6 18. Ne4 Bc7 19. Bh5+ Ke7 20. Bc5+ Kd8 21.
b3 b6 22. Bb4 a5 23. Bd6 Kc8 24. f4 Ng6 25. g3 Bc6 26. Rhe1 Rd8 27. Bxc7 Kxc7
28. Nc3 Rxd1+ 29. Bxd1 e5 30. Bc2 Re8 31. Bxg6 hxg6 32. fxe5 fxe5 33. Kd2 Kd6
34. Ke3 Ke6 35. Rd1 Rf8 36. Nd5 Rf7 37. a4 g5 38. g4 g6 39. Rd3 Rh7 40. Nxb6
Rh3+ 41. Kd2 Rxh2+ 42. Kc3 e4 43. Rd2 Rh3+ 44. Kd4 Rxb3 {[#] The ending had
been peaceful, but now turns sharp and White loses his cool.. [#] Das zuvor
ruhige Endspiel wird scharf und Weiß verliert die Contenance.} 45. c5 $2 {
takes away squares from his own king. Nimmt dem eigenen König Felder...} (45.
Kc5 e3 46. Rd6+ Ke5 47. Rxc6 e2 48. Rc8 Ke4 (48... Re3 $4 49. Re8+ Kf4 50. Nd5+
$18) 49. Re8+ Kf3 {[%cal Rb3e3]} 50. Nd5 Kf2 51. Kd6 $132 Rb8 $1 $11) 45...
Rb4+ 46. Ke3 $2 (46. Kc3 $142 {because of the idea Nc4+ wegen der Idee Sc4+})
46... Ke5 47. Rd6 $4 {[%mdl 12288]} (47. Rd8 $8 $17) 47... Rxb6 0-1

[Event "EU-Cup 13th Group7"]
[Site "Krynica"]
[Date "1997.09.15"]
[Round "1"]
[White "Leito, Priit"]
[Black "Zubarev, Alexander2"]
[Result "0-1"]
[WhiteElo "2355"]
[BlackElo "2450"]
[Annotator "Konikowski,J"]
[PlyCount "108"]
[EventDate "1997.09.15"]
[EventType "team-k.o."]
[EventRounds "3"]
[EventCountry "POL"]
[SourceTitle "EXT 2020"]
[Source "ChessBase"]
[SourceDate "2019.10.17"]
[SourceVersion "1"]
[SourceVersionDate "2019.10.17"]
[SourceQuality "1"]
[WhiteTeam "Tallinn Reval Sport"]
[BlackTeam "Kharkiv Law Academy"]
[WhiteTeamCountry "EST"]
[BlackTeamCountry "UKR"]

1. c4 Nf6 2. Nc3 e6 3. e4 c5 4. e5 Ng8 5. Nf3 Nc6 6. d4 cxd4 7. Nxd4 Nxe5 8.
Ndb5 f6 9. Be3 a6 10. Nd6+ Bxd6 11. Qxd6 Ne7 12. Bb6 Nf5 13. Bxd8 (13. Qc5 $5)
(13. Qb4 $5) 13... Nxd6 14. Bc7 Ke7 (14... Ndxc4 15. f4 Ne3 (15... Nxb2 16.
fxe5 b5 17. exf6 gxf6 18. Rb1 $18) 16. fxe5 Nc2+ 17. Kd2 Nxa1 18. exf6 gxf6 19.
Be2 $16) 15. O-O-O $6 (15. c5 $142 Ne8 16. Bb6 d5 (16... Nf7 17. O-O-O d5 18.
cxd6+ Nexd6 19. Bc5 Rd8 20. Bd3 Bd7 21. Bxh7 Rac8 22. Ba3 Bc6 $10 {Uhlmann,
W-Pribyl/Hradec Kralove/1979/80/}) 17. cxd6+ Nxd6 18. O-O-O Nec4 19. Bxc4 Nxc4
20. Bc5+ Kf7 21. Rd4 b5 22. b3 e5 23. Rd5 Na5 24. Bb6 Nb7 25. Rhd1 {1/2-1/2
Miles,A-Huebner,R/Tilburg 1977/}) 15... Ne8 (15... Nexc4 16. Bxc4 (16. b3 Ne8
$1) 16... Nxc4 17. Rhe1 b5 18. b3 Ne5 19. Bd6+ Kd8 20. Bxe5 fxe5 21. Rxe5 Ke7
22. Ne4 (22. f4 Bb7 23. Rd2 Rac8 24. Kb2 Rhf8 25. g3 {1/2-1/2 Nei,I-Lechtynsky,
J/Tallinn 1979/}) 22... Ra7 23. b4 Rf8 24. f3 Rc7+ $17 {Lerner-Sideif-Zade/
Belcy/1979/}) (15... Nef7 16. Be2 Ne8 17. Bb6 d6 18. Rhe1 Bd7 19. f4 Rc8 20. b3
g6 21. Kb2 f5 {1/2-1/2 Kron,V-Titlianov,Y/Kemerovo 1991/}) 16. Ba5 d6 17. Be2 (
17. f4 $5) 17... b5 18. cxb5 axb5 19. Bb4 Nc6 20. Bf3 Ra6 21. Bxc6 Rxc6 22. Kb1
Nc7 23. Ba5 Bb7 (23... Ba6 $5 $17) 24. f3 Ra8 (24... Ba6 $5 $17) 25. Bxc7 Rxc7
26. Nxb5 Rc5 27. Nc3 d5 28. Rhe1 e5 29. f4 Ke6 30. Rd4 Re8 31. Rd3 Re7 32. g3
Rd7 33. Rd4 Kf5 34. g4+ Ke6 35. a3 g5 36. fxe5 fxe5 37. Rd2 d4 38. Ne2 Kd5 39.
Nc3+ Ke6 40. Ne2 d3 (40... Be4+ $5 41. Ka2 Rc4 $17) 41. Ng3 Rc4 42. Re3 Rcd4
43. h3 e4 44. Nf5 Ke5 45. Re1 (45. b4 Rc4 $17) 45... Rf7 (45... Ra4 $5) 46. b4
Rd8 47. Kb2 Rxf5 $5 (47... Bc8 48. Ng3 Rd4 $17) 48. gxf5 Kd4 49. Rc1 Bd5 (49...
Rf8 $5 50. Rg2 (50. Rc7 e3 51. Rd7+ Bd5 52. Rxd3+ Kxd3 53. Rxd5+ Ke4 54. Rd7 e2
55. Kc2 Kf3 56. Kd2 Kf2 57. Re7 Rd8+ $19) 50... h6 51. Rc7 Bd5 52. Rh7 Rxf5 53.
Rxh6 e3 54. Rg4+ Rf4 $19) 50. Rc3 (50. Rg2 e3 51. Rg4+ Be4 52. Rc4+ Kxc4 53.
Rxe4+ Rd4 $19) 50... Bc4 (50... Rf8 $5) 51. Rg2 h5 52. Rxg5 (52. Rc1 e3 $1)
52... d2 53. Rg1 Be2 54. Rc2 e3 (54... e3 55. f6 d1=Q 56. Rxd1+ Bxd1 $19) 0-1

[Event "Candidates qf2"]
[Site "Brussels"]
[Date "1991.??.??"]
[Round "4"]
[White "Kortschnoj, Viktor Lvovich"]
[Black "Timman, Jan H"]
[Result "1/2-1/2"]
[WhiteElo "2610"]
[BlackElo "2630"]
[Annotator "Kortschnoj,V"]
[PlyCount "85"]
[EventDate "1991.08.??"]
[EventType "match"]
[EventRounds "7"]
[EventCountry "BEL"]
[SourceTitle "Candidates"]
[Source "ChessBase"]
[SourceDate "1999.07.01"]
[SourceVersion "2"]
[SourceVersionDate "1999.07.01"]
[SourceQuality "1"]

1. c4 {Ribli} Nf6 2. Nc3 e6 3. e4 c5 4. e5 Ng8 5. Nf3 Nc6 6. d4 cxd4 7. Nxd4
Nxe5 8. Ndb5 a6 9. Nd6+ Bxd6 10. Qxd6 f6 11. Be3 Ne7 12. Bb6 Nf5 13. Qb4 {
TN(13.Dc5)} (13. Qc5 $1 {Ribli}) 13... Nc6 14. Qc5 Qe7 {14...d6 15.Ld8 dc 16.
Lb6+=} 15. O-O-O Qxc5 16. Bxc5 d6 17. Bxd6 {17.La3!?} Nxd6 18. Rxd6 Ke7 $10 19.
c5 Bd7 20. g3 Rac8 21. Bh3 $2 Ne5 22. Rhd1 {22.b4 a5 23.a3 Sc4? 24.Td4 Sa3 25.
Sd5 ed 26.Te1 Kd8 27.Td5 with advantage to white,but 23...Tc6 24.Thd1 Thc8 25.
f4 Td6 26.ed Kf7 27.fe Tc3=+} Rhd8 23. Bg2 Rxc5 24. Bxb7 a5 $15 25. Be4 Ng4 {
25...f5!?} 26. R6d2 f5 27. Bg2 Nf6 28. f4 Rb8 29. Re1 h6 30. Rd4 Rb4 31. Red1
g5 32. a3 Rxd4 33. Rxd4 Ng4 34. h4 $1 $10 Ne3 35. Bf3 gxh4 {35...Sf1 36.hg hg
37.fg Sg3 38.Th4! Tc8 39.Th3 f4 40.Th7 Kd6 41.Tf7 e5?! 42. Td7 Kd7 43.Lg4+=,41.
..Sf5 42.Kd2=} 36. gxh4 Bc6 37. Be2 Nd5 38. Kd2 Nxc3 39. bxc3 Be4 40. Rc4 Rd5+
41. Ke3 Kd6 42. Rc8 Rc5 43. Ba6 1/2-1/2

[Event "Moscow Regions-ch"]
[Site "Podolsk"]
[Date "1982.11.??"]
[Round "?"]
[White "Gusev, Yuri S"]
[Black "Arbakov, Valentin"]
[Result "1-0"]
[WhiteElo "2380"]
[BlackElo "2425"]
[Annotator "Laios,S"]
[PlyCount "45"]
[EventDate "1982.11.??"]
[EventType "tourn"]
[EventRounds "13"]
[EventCountry "URS"]
[SourceTitle "EXT 2007"]
[Source "ChessBase"]
[SourceDate "2006.11.23"]
[SourceVersion "1"]
[SourceVersionDate "2006.11.23"]
[SourceQuality "1"]

1. e4 c5 2. c4 Nc6 3. g3 e6 4. Nc3 Nf6 5. Bg2 d5 6. exd5 exd5 7. cxd5 Nb4 8. d3
Bf5 9. Be4 Qe7 10. f3 O-O-O 11. Nge2 Bg6 12. Bg5 h6 13. Bxf6 Qxf6 14. O-O Qb6
15. Bxg6 fxg6 16. Nf4 g5 17. Ne6 Rd7 18. Na4 Qb5 19. d4 cxd4 20. Qxd4 Qxa4 $2
21. Nxf8 Rf7 22. Rfc1+ Kb8 23. a3 (23. Qe5+ $142) 1-0